Marvel Phase 1: Fill-in-the-Blank - Statistics

General Stats
  • This quiz has been taken 66 times
  • The average score is 12 of 24
Answer Stats
Movie Hint Answer % Correct
Thor (2011) ___ is Thor's adoptive brother. Loki
83%
Iron Man (2008) Tony Stark's best friend, ____ ____ ____, was part of the Air Force before he became War Machine. James " Rhodey" Rhodes
79%
Thor (2011) Whosoever holds this hammer, if he be _____, shall possess the power of Thor. worthy
76%
Captain America: The First Avenger (2011) _____ _____: the love of Steve Rogers' life. Peggy Carter
71%
Iron Man (2008) Tony Stark got kidnapped in _____ when he created Mark I. Afghanistan
67%
Iron Man 2 (2010) _____ _______, one of the core avengers, was introduced in this movie. Black Widow
66%
Captain America: The First Avenger (2011) Johann Schmidt revealed to be ___ ____ near the end of the movie. Red Skull
62%
Iron Man (2008) _____ ___ set off the blaster, killing the main villain. Pepper Potts
60%
The Avengers (2012) In the mid-credits scene of The Avengers, this future main villain is introduced. Thanos
60%
Iron Man 2 (2010) _______ wanted revenge on Iron Man for the Starks destroying his own family. Whiplash
57%
Thor (2011) _____ is the biological father of Thor's adoptive brother. Laufey
55%
Thor (2011) When Thor comes down to Earth, he meets Jane Foster, ____ ____, and Erik Selvig. Darcy Lewis
47%
The Avengers (2012) ___ ______ was killed by Loki. Phil Coulson
47%
The Incredible Hulk (2008) ____ ___ is the daughter of a co-villain in the series. Betty Ross
45%
The Avengers (2012) The _______ is used to teleport in this movie. Tesseract
43%
Iron Man (2008) ____ ____: co-worker, to main villain. Iron Monger
41%
Iron Man 2 (2010) _____ ______ supplies weapons similarly as did Tony Stark. Justin Hammer
41%
Captain America: The First Avenger (2011) Johann Schmidt's assistant was ____ ___. Arnim Zola
40%
The Incredible Hulk (2008) ___ ______ changed himself into a creature similar to the Hulk for revenge. Emil Blonsky
40%
Iron Man 2 (2010) The ________ in Stark's Arc Reactor was poisoning him. palladium
28%
The Incredible Hulk (2008) _______ ________ ___ is the mentioned "co-villain" above. Thaddeus "Thunderbolt" Ross
28%
The Avengers (2012) The staff Loki wields in The Avengers is called ___ _______ The Scepter
19%
The Incredible Hulk (2008) ______ ____ was given the nickname Blue. Samuel Sterns
16%
Captain America: The First Avenger (2011) Captain America was infused with the ____ ______ ____, which made him big and muscular. Bucky Barnes
2%
No matching quizzes found
Score Distribution
Percent of People with Each Score
Percentile by Number Answered
Your Score History
You have not taken this quiz